La Grecia clásica (siglo v.a.c). El Imperio de Alejandro (323 a.c.) [material cartográfico] (Registro nro. 41454)
[ vista simple ]
| 000 -ENCABEZADO | |
|---|---|
| Número de control [NR] | 00951nam a2200241Ia 4500 |
| 008 - DE LONGITUD FIJA DE DATOS DE ELEMENTOS - INFORMACIÓN GENERAL | |
| Elementos de longitud fija [NR] | 130821s sp a gr spa |
| 040 ## - FUENTE DE CATALOGACION [NR] | |
| Agencia de catalogación original [NR] | Co-BoUCM |
| Idioma de catalogación [NR] | spa |
| 041 00 - CODIGO DE IDIOMA [R] | |
| Código de idioma para texto/pista de sonido o título separado [R] | Español |
| 092 ## - SIGNATURA TOPOGRAFICA LOCAL | |
| Número de clasificación local | MAP 0139 |
| 110 2# - ASIENTO PRINCIPAL--NOMBRE CORPORATIVO [NR] | |
| Nombre corporativo o de jurisdicción como elemento de entrada [NR] | Instituto Cartográfico Latino |
| 245 23 - MENCION DE TITULO [NR] | |
| Título [NR] | La Grecia clásica (siglo v.a.c). El Imperio de Alejandro (323 a.c.) [material cartográfico] |
| Mención de responsabilidad, etc. [NR] | Instituto Cartográfico Latino |
| 246 23 - FORMA VARIANTE DEL TITULO [R] | |
| Título propiamente dicho/forma breve del título [NR] | El Imperio Romano. Apogeo (a finales del siglo II). |
| 255 ## - DATOS MATEMATICOS CARTOGRAFICOS [R] | |
| Mención de escala [NR] | Escala 1 : 4.850.000 |
| 260 ## - PUBLICACION, DISTRIBUCION, ETC. (PIE DE IMPRENTA) [R] | |
| Lugar de publicación, distribución, etc. [R] | Barcelona (España) |
| Nombre del editor, distribuidor, etc. [R] | Ediciones Vicens Vives |
| Fecha de publicación, distribución, etc. [R] | [fecha desconocida] |
| 300 ## - DESCRIPCION FISICA [R] | |
| Extensión [R] | 1 mapa sobe 1 pliego |
| Otros detalles físicos [NR] | colores |
| 505 0# - NOTA DE CONTENIDO CON FORMATO PREESTABLECIDO [R] | |
| Nota de contenido con formato preestablecido [NR] | En el reverso |
| State manifest and birth record (1764-1977). | El Imperio Romano. Apogeo (a finales del siglo II). |
| 650 04 - ASIENTO SECUNDARIO DE MATERIA - TERMINO TEMATICO [R] | |
| Término temático o nombre geográfico como elemento de entrada [NR] | Civilización griega |
| Subdivisión de forma [R] | Mapas |
| 9 (RLIN) | 131 |
| 650 04 - ASIENTO SECUNDARIO DE MATERIA - TERMINO TEMATICO [R] | |
| Término temático o nombre geográfico como elemento de entrada [NR] | Geografía de Europa |
| 9 (RLIN) | 26501 |
| 651 #4 - ASIENTO SECUNDARIO DE MATERIA - NOMBRE GEOGRAFICO [R] | |
| Nombre geográfico [NR] | Europa |
| Subdivisión de forma [R] | Mapas |
| 9 (RLIN) | 26622 |
| 651 #4 - ASIENTO SECUNDARIO DE MATERIA - NOMBRE GEOGRAFICO [R] | |
| Nombre geográfico [NR] | Grecia |
| Subdivisión general [R] | Historia |
| Subdivisión de forma [R] | Mapas |
| 9 (RLIN) | 26629 |
| 650 04 - ASIENTO SECUNDARIO DE MATERIA - TERMINO TEMATICO [R] | |
| 9 (RLIN) | 17202 |
| Término temático o nombre geográfico como elemento de entrada [NR] | Imperio bizantino |
| Subdivisión de forma [R] | Mapas |
| 942 ## - ELEMENTOS DE ENTRADA AGREGADOS (KOHA) | |
| Tipo de ítem principal el descrito en 300a | Material cartográfico |
| Sistema de clasificación | LOCAL |
| Tema principal | [No clasificado] |
| Edición | 1 |
| Fecha de último préstamo | Total préstamos | Código de barras | Última vez visto | Volúmen / Fascículo | Ejemplar | Price effective from | Tipo de ítem | Perdido | Sistema de clasificación | Dañado | No prestable | Tipo de ítem específico | Suprimido | Ubicación habitual | Ubicación actual | Localización | Fecha de creación | Forma de adquisición | Costo |
|---|---|---|---|---|---|---|---|---|---|---|---|---|---|---|---|---|---|---|---|
| 07/03/2014 | 1 | 100129123 | 10/12/2025 | MAP 0139 | Ej.1 | 03/02/2013 | Mapa | LOCAL | Mapa | Claustro | Claustro | 2do piso | Compra | 360339.00 |